00488nam a2200181Ia 4500003000400000008004100004040001600045082002100061100001700082245006700099260006300166300000700229650002400236650001100260650001000271650001200281650001300293GCL140319s9999 xx 000 0 eng d aGCL / cGCL04aCCb910.202bP L1 aPORTMAN, IAN10aLOUXOR GUIDE DES TEMPLES A TOMBEOUX DE THEBAS / cPORTMAN, IAN a[S.N] : bTHE AMERICAN UNIVERSITY IN CAIRO PRESS ، c1989 a9604aWORLD TRAVEL GUIDES04aLOUXOR04aEGYPT04aTEMPLES04aTOMBEAUX